| 000 | 00356nam a2200121Ia 4500 | ||
|---|---|---|---|
| 008 | 180130s9999||||xx |||||||||||||| ||und|| | ||
| 020 |
_cNT380 _a978-986-320-850-1 |
||
| 100 | _a謝儀霏 | ||
| 245 | 0 |
_c謝儀霏 _a偏執的勇氣:從web到app,瑪莉莎.梅爾的雅虎改革之路 |
|
| 250 | _a一版 | ||
| 260 |
_c2015.09 _a台北市 |
||
| 300 |
_c cm. _a p. |
||
| 942 |
_2ccl _cBOOK |
||
| 999 |
_c812 _d812 |
||